Sports Quiz

Random Sports or WWE Quiz
Score 0/147 Timer 20:00
0 Plays Today
% Correct
Hulk Hogan
99.2%
Hulk Hogan
99.2%
Hulk Hogan
99.2%
Hulk Hogan
99.2%
Hulk Hogan
99.2%
Hulk Hogan
99.2%
Hulk Hogan
99.2%
Hulk Hogan
99.2%
Hulk Hogan
99.2%
Hulk Hogan
99.2%
Hulk Hogan
99.2%
Bret Hart
97.9%
Bret Hart
97.9%
Bret Hart
97.9%
Bret Hart
97.9%
Bret Hart
97.9%
Bret Hart
97.9%
Bret Hart
97.9%
Bret Hart
97.9%
Bret Hart
97.9%
Bret Hart
97.9%
Randy Savage
97.8%
Randy Savage
97.8%
Randy Savage
97.8%
Randy Savage
97.8%
Randy Savage
97.8%
Randy Savage
97.8%
The Ultimate Warrior
97.3%
The Ultimate Warrior
97.3%
The Ultimate Warrior
97.3%
The Ultimate Warrior
97.3%
The Ultimate Warrior
97.3%
The Ultimate Warrior
97.3%
The Ultimate Warrior
97.3%
Shawn Michaels
97%
Shawn Michaels
97%
Shawn Michaels
97%
Shawn Michaels
97%
Shawn Michaels
97%
Ted DiBiase
96.5%
Ted DiBiase
96.5%
Ted DiBiase
96.5%
Ted DiBiase
96.5%
Ted DiBiase
96.5%
Andre The Giant
95.8%
Andre The Giant
95.8%
Ric Flair
95.2%
Ric Flair
95.2%
Jim Neidhart
94.7%
% Correct
Jim Neidhart
94.7%
Jim Neidhart
94.7%
Davey Boy Smith
94.6%
The British Bulldog
94.6%
The Undertaker
94.3%
The Undertaker
94.3%
Roddy Piper
94.3%
Roddy Piper
94.3%
Roddy Piper
94.3%
Yokozuna
93.8%
Yokozuna
93.8%
Yokozuna
93.8%
Yokozuna
93.8%
Ax
93.7%
Smash
93.7%
Ax
93.7%
Smash
93.7%
Ax
93.7%
Smash
93.7%
Ax
93.7%
Smash
93.7%
Smash
93.7%
Ricky Steamboat
93%
Mike Rotundo
92.2%
Mr. Perfect
92.1%
Mr. Perfect
92.1%
Mr. Perfect
92.1%
Mr. Perfect
92.1%
Irwin R. Schyster
92%
Irwin R. Schyster
92%
King Kong Bundy
91.7%
The Honky Tonk Man
91.6%
The Honky Tonk Man
91.6%
George Steele
91.5%
Animal
91.2%
Animal
91.2%
Rick Rude
91.1%
Rick Rude
91.1%
Rick Rude
91.1%
Hawk
91%
Hawk
91%
Crush
90.7%
Sgt. Slaughter
90.6%
Sgt. Slaughter
90.6%
Razor Ramon
90.1%
Sid
89.7%
Virgil
89.1%
The Fabulous Moolah
89%
The Dynamite Kid
88.5%
% Correct
Rick Martel
88.4%
Tito Santana
88.4%
Lex Luger
87.9%
Brutus Beefcake
87.5%
Brutus Beefcake
87.5%
Brutus Beefcake
87.5%
Crush
87.2%
Marty Jannetty
87%
Greg Valentine
86.7%
Greg Valentine
86.7%
Haku
86%
Earthquake
85.4%
Earthquake
85.4%
Earthquake
85.4%
The Mountie
84.8%
Typhoon
84.7%
Typhoon
84.7%
Typhoon
84.7%
The Iron Sheik
83%
Wendi Richter
82.7%
Brian Knobbs
79.6%
Brian Knobbs
79.6%
Nikolai Volkoff
79.5%
Jerry Sags
79.3%
The Big Boss Man
79.3%
Jerry Sags
79.3%
The Texas Tornado
78.7%
Barry Windham
78.2%
Jake Roberts
77.3%
The Barbarian
77.1%
Tatanka
77%
Rick Steiner
76.8%
Scott Steiner
76.8%
The Warlord
76.8%
Leilani Kai
74.1%
Junkyard Dog
73.6%
Mr. Fuji
73.1%
Ricky Morton
67.5%
Robert Gibson
66.7%
Rockin' Robin
64.6%
Tom Prichard
61.7%
Tom Prichard
61.7%
Blake Beverly
61.5%
Beau Beverly
61.5%
Skinner
57.5%
Jimmy Del Ray
57.3%
Jimmy Del Ray
57.3%
Velvet McIntyre
55.5%
Judy Martin
42.8%
Remove Ads.
Support Sporcle.
Get the best of Sporcle when you Go Orange. This ad-free experience offers more features, more stats, and more fun while also helping to support Sporcle. Thank you for becoming a member.

You're not logged in!

Compare scores with friends on all Sporcle quizzes.
OR
Log In

Show Comments

Extras

Top Quizzes Today


Score Distribution

Your Account Isn't Verified!

In order to create a playlist on Sporcle, you need to verify the email address you used during registration. Go to your Sporcle Settings to finish the process.

Report this User

Report this user for behavior that violates our Community Guidelines.

Details: